[Event "ch-Nordic 2016"]
[Site "Sastamala FIN"]
[Date "2016.10.30"]
[Round "9.4"]
[White "Smith, Axel"]
[Black "Hammer, Jon Ludvig"]
[Result "1-0"]
[WhiteTitle "GM"]
[BlackTitle "GM"]
[WhiteElo "2506"]
[BlackElo "2628"]
[WhiteFideId "1707930"]
[BlackFideId "1503707"]
[EventDate "2016.10.22"]

1. c4 e5 2. Nc3 Nf6 3. Nf3 Nc6 4. e3 Bb4 5. Qc2 d6 6. Be2 O-O 7. O-O Re8 8. Nd5
e4 9. Ne1 a5 10. b3 Bc5 11. Nxf6+ Qxf6 12. Bb2 Qg6 13. f3 Bf5 14. fxe4 Bxe4 15.
Bd3 Bxd3 16. Qxd3 a4 17. Qxg6 hxg6 18. Nd3 Nb4 19. Nxc5 dxc5 20. Bc3 Nd3 21.
Rfb1 a3 22. Kf1 Rad8 23. Ke2 Re4 24. b4 cxb4 25. Bxb4 Rxc4 26. Bxa3 Rc2 27. Kd1
Rc6 28. Rxb7 Rd7 29. Rb3 Nf2+ 30. Ke2 Rc2 31. Bb4 c5 32. Ba5 Ne4 33. Kd1 Rcxd2+
34. Bxd2 Rxd2+ 35. Kc1 Rxg2 36. a4 c4 37. Rb8+ Kh7 38. Ra3 Rg1+ 39. Kc2 Rg2+ 40.
Kc1 Rg1+ 41. Kc2 Rg2+ 42. Kd1 Rg1+ 43. Ke2 f5 44. a5 Rg2+ 45. Kd1 c3 46. Rc8
Rg1+ 47. Kc2 Rg2+ 48. Kd1 Rg1+ 49. Kc2 Rg2+ 50. Kb3 Rb2+ 51. Ka4 c2 52. a6 Rb6
53. Ka5 Nd6 54. Rxc2 Rb5+ 55. Ka4 Rb6 56. a7 Ra6+ 57. Kb4 Rxa3 58. Kxa3 Nb5+ 59.
Kb4 Nxa7 60. Rc7 1-0

[Event "ch-Nordic 2016"]
[Site "Sastamala FIN"]
[Date "2016.10.30"]
[Round "9.5"]
[White "Blomqvist, Erik"]
[Black "Percivaldi, Martin"]
[Result "1/2-1/2"]
[WhiteTitle "GM"]
[BlackTitle "FM"]
[WhiteElo "2541"]
[BlackElo "2373"]
[WhiteFideId "1709437"]
[BlackFideId "1508148"]
[EventDate "2016.10.22"]

1. d4 d5 2. c4 c6 3. Nf3 Nf6 4. Nc3 dxc4 5. a4 Bf5 6. Ne5 Nbd7 7. Nxc4 Qc7 8. g3
e5 9. dxe5 Nxe5 10. Bf4 Nfd7 11. Bg2 f6 12. O-O g5 13. Nxe5 gxf4 14. Nxd7 Qxd7
15. a5 fxg3 16. fxg3 a6 17. Be4 Bh3 18. Qxd7+ Bxd7 19. Rxf6 O-O-O 20. Kg2 Kb8
21. Rf7 Be6 22. Rxh7 Rxh7 23. Bxh7 Bb4 24. Bd3 c5 25. Ne4 c4 26. Bxc4 Bxc4 27.
Ra4 Rd4 28. Rxb4 Rxe4 29. Kf3 Rd4 30. Ke3 Rg4 31. h3 Rxg3+ 32. Kf2 Rxh3 33. Rxc4
Rh5 34. b4 b6 35. axb6 Kb7 36. e4 Rh3 37. e5 Kxb6 38. e6 Rh8 39. Ke3 Re8 40. Re4
Kc6 41. Kd4 Kd6 42. e7 Rxe7 43. Rxe7 Kxe7 44. Kc5 a5 45. bxa5 Kd7 46. Kb6 Kc8
47. a6 Kb8 48. a7+ Ka8 49. Ka6 1/2-1/2